আঘাত / (Record no. 3010)
[ view plain ]
| 000 -LEADER | |
|---|---|
| fixed length control field | 00554nam a2200217 a 4500 |
| 001 - CONTROL NUMBER | |
| JCCL Control Number | 3010 |
| 003 - CONTROL NUMBER IDENTIFIER | |
| JCCL marc code | BD-JhCC |
| 005 - DATE AND TIME OF LATEST TRANSACTION | |
| control field | 20171109111814.0 |
| 008 - FIXED-LENGTH DATA ELEMENTS--GENERAL INFORMATION | |
| fixed length control field | 171109s2006 bg ||||| |||| 00| 0 ben d |
| 020 ## - INTERNATIONAL STANDARD BOOK NUMBER | |
| International Standard Book Number | 9844104726 |
| 035 ## - SYSTEM CONTROL NUMBER | |
| system control number | (BD-JhCC)3010 |
| 040 ## - CATALOGING SOURCE | |
| Original cataloging agency | BD-JhCC |
| Modifying agency | BD-JhCC |
| 041 ## - LANGUAGE CODE | |
| Language code of Book | ben |
| 082 ## - DEWEY DECIMAL CLASSIFICATION NUMBER | |
| Classification number | 891.4435 |
| Author mark and Year | SAK 2006 |
| 100 ## - MAIN ENTRY--PERSONAL NAME | |
| Personal name | শাকুর, আবদুস |
| 245 ## - TITLE STATEMENT | |
| Title | আঘাত / |
| Statement of responsibility, etc | আবদুস শাকুর |
| 300 ## - PHYSICAL DESCRIPTION | |
| Pagination | 125 p. : |
| Dimensions | 21 cm. |
| 650 ## - SUBJECT ADDED ENTRY--TOPICAL TERM | |
| Topical term or geographic name as entry element | Collection of Short Stories |
| 942 ## - ADDED ENTRY ELEMENTS (KOHA) | |
| Source of classification or shelving scheme | Dewey Decimal Classification |
| Koha item type | Books |
| Source of classification or shelving scheme | Damaged status | Not for loan | Home library | Current library | Shelving location | Date of accession | Cost, normal purchase price | Total Checkouts | Full call number | Barcode | Date last seen | Date checked out | Copy number | Koha item type |
|---|---|---|---|---|---|---|---|---|---|---|---|---|---|---|
| Dewey Decimal Classification | JCC Rouf Library | JCC Rouf Library | General Stacks | 11/09/2017 | 125.00 | 1 | 891.4435 SAK 2006 | 4906 | 02/22/2025 | 02/20/2025 | C-1 | Books |